La petite gironde.

Bibliographic Details
Uniform Title:Petite gironde (Ed. américaine)
Corporate Authors: National World War I Museum at Liberty Memorial, Adam Matthew Digital (Firm)
Format: Newspaper
Language:French
English
Language Notes:Front page is in English, and reports news of interest to American troops in France; remainder of issue is in French.
Published: Bordeaux : La Petite Gironde.
Edition:American ed.
Subjects:
Online Access:Connect to the full text of this electronic resource

MARC

Tag First Indicator Second Indicator Subfields
LEADER 00000cas a2200000 a 4500
001 in00003471721
005 20201106130640.0
006 m o d
007 cr bn ---uuuuu
008 120306d191u19uufr dr n o 0 a0fre d
035 |a AC006297 
040 |a UkMbAM-D  |c UkMbAM-D  |d UtOrBLW 
041 0 |a fre  |a eng 
043 |a e-fr---  |a n-us--- 
130 0 |a Petite gironde (Ed. américaine) 
245 1 3 |a La petite gironde. 
250 |a American ed. 
264 1 |a Bordeaux :  |b La Petite Gironde. 
300 |a 1 online resource. 
310 |a Daily 
336 |a text  |b txt  |2 rdacontent 
337 |a computer  |b c  |2 rdamedia 
338 |a online resource  |b cr  |2 rdacarrier 
500 |a Description based on issue for Saturday, Feb. 1, 1919. 
500 |a Title from masthead. 
546 |a Front page is in English, and reports news of interest to American troops in France; remainder of issue is in French. 
535 1 |a National World War I Museum at Liberty Memorial Archives 
500 |a Electronic resource. 
610 1 0 |a United States.  |b Army  |v Newspapers. 
650 0 |a World War, 1914-1918  |z France  |v Newspapers. 
651 0 |a Bordeaux (Nouvelle-Aquitaine, France)  |v Newspapers. 
655 7 |a Newspapers.  |2 local 
710 2 |a National World War I Museum at Liberty Memorial. 
710 2 |a Adam Matthew Digital (Firm) 
856 4 0 |u http://proxy.library.tamu.edu/login?url=http://www.firstworldwar.amdigital.co.uk/Contents/DocumentDetails.aspx?documentid=100842  |z Connect to the full text of this electronic resource  |t 0 
999 |a MARS 
999 f f |s 32238876-eb31-313f-880e-2ed5288f3500  |i ae62d9d2-d94e-340f-af3c-16cb42b50927  |t 0 
952 f f |a Texas A&M University  |b College Station  |c Electronic Resources  |d Available Online  |t 0  |h No information provided 
998 f f |t 0  |l Available Online